[Event "7th Sunway Sitges 2020"]
[Site "Sitges ESP"]
[Date "2020.12.17"]
[Round "5.53"]
[White "Boixader Arbo, Xavier"]
[Black "Lobo Pereira, Arami"]
[Result "1-0"]
[WhiteElo "2091"]
[BlackElo "1786"]
[WhiteFideId "32067305"]
[BlackFideId "24560588"]
[EventDate "2020.12.13"]

1. e4 e6 2. d3 d5 3. Qe2 Nc6 4. Nf3 e5 5. exd5 Qxd5 6. Nc3 Bb4 7. Bd2 Bxc3 8.
Bxc3 Bg4 9. Qe4 Bxf3 10. Qxf3 Qxf3 11. gxf3 f6 12. O-O-O Rd8 13. h4 Nge7 14. f4
Nd5 15. fxe5 Nxc3 16. bxc3 Nxe5 17. d4 Nc6 18. Re1+ Kf8 19. Bd3 Ne7 20. Re2 Kf7
21. Bc4+ Nd5 22. Rhe1 Kg6 23. Bxd5 Rxd5 24. Re7 c5 25. Rg1+ Kf5 26. Rgxg7 h5 27.
dxc5 Rxc5 28. Rxb7 Rxc3 29. Rb5+ Ke6 30. Rxa7 Rc4 31. Rb6+ Kf5 32. Ra5+ Kg6 33.
Ra3 Rxh4 34. Rg3+ Kf7 35. Rf3 Rh6 36. Kb2 Re4 37. Kb3 h4 38. Rh3 Re2 39. f3 Rg2
40. Rb4 Rg3 41. Rhxh4 Rxf3+ 42. c3 Rg6 43. a4 Rg1 44. a5 Rf5 45. Ra4 Rb1+ 46.
Kc4 Rbb5 47. a6 Ra5 48. Kb3 Rfb5+ 49. Rhb4 f5 50. a7 1-0

[Event "7th Sunway Sitges 2020"]
[Site "Sitges ESP"]
[Date "2020.12.17"]
[Round "5.54"]
[White "Romeu Viladot, Emili"]
[Black "Guillo Longares, Cecilia"]
[Result "0-1"]
[BlackTitle "WFM"]
[WhiteElo "1688"]
[BlackElo "2089"]
[WhiteFideId "24586080"]
[BlackFideId "32082681"]
[EventDate "2020.12.13"]

1. d4 Nf6 2. c4 g6 3. Nc3 c5 4. d5 d6 5. e4 Bg7 6. f4 e6 7. Nf3 exd5 8. cxd5 O-O
9. Bd3 b6 10. Qe2 Re8 11. O-O Nxe4 12. Nxe4 f5 13. Qc2 c4 14. Nxd6 Qxd6 15. Bxc4
Qc5+ 16. Rf2 Ba6 17. Bxa6 Nxa6 18. Qxc5 Nxc5 19. Rb1 Rad8 20. Rd2 Ne4 21. Rd1
Nf6 22. Ne5 Rxd5 23. Be3 Red8 24. Rxd5 Nxd5 25. Rd1 Bf6 26. Nc6 Nxe3 27. Rxd8+
Bxd8 28. Nxd8 Nd1 29. Nc6 a5 30. b3 Nc3 31. a4 Ne2+ 32. Kf2 Nxf4 33. g3 Nd5 34.
Ke2 Kf7 35. Kd3 Ke6 36. Kc4 Nc7 37. Kd4 Kd6 38. Nd8 Ne6+ 39. Nxe6 Kxe6 40. Kc4
g5 41. Kb5 f4 42. gxf4 gxf4 0-1

[Event "7th Sunway Sitges 2020"]
[Site "Sitges ESP"]
[Date "2020.12.17"]
[Round "5.55"]
[White "Alcala Gonzalez, Cesar"]
[Black "Sperat Czar, Nicolas"]
[Result "1-0"]
[WhiteElo "2088"]
[BlackElo "1775"]
[WhiteFideId "24584878"]
[BlackFideId "551007827"]
[EventDate "2020.12.13"]

1. d4 d5 2. c4 c6 3. Nf3 Nf6 4. Nc3 e6 5. e3 a6 6. Bd3 dxc4 7. Bxc4 b5 8. Bd3 c5
9. a4 b4 10. Ne4 Nbd7 11. dxc5 Nxc5 12. Nxc5 Bxc5 13. O-O O-O 14. Qe2 Bb7 15. e4
h6 16. Bf4 Qe7 17. h3 Rfd8 18. Rac1 a5 19. Ne5 Nd7 20. Nc4 e5 21. Bg3 Bd4 22.
Ne3 g6 23. Rc7 Rab8 24. Nc4 Rdc8 25. Rxc8+ Rxc8 26. Nxa5 Nc5 27. Bb5 Nxe4 28.
Kh2 Ba8 29. Nc4 f5 30. f3 Nxg3 31. Kxg3 e4 32. f4 g5 33. Qh5 gxf4+ 34. Rxf4 Kh7
35. Qxf5+ Kh8 36. Qxc8+ Kh7 37. Qxa8 Qg5+ 38. Rg4 Be5+ 39. Nxe5 Qxe5+ 40. Kf2
Qd4+ 41. Ke2 Qxb2+ 42. Ke3 Qc1+ 43. Kxe4 Qe1+ 44. Kd5 Qd2+ 45. Kc6 Qc3+ 46. Kb7 1-0

[Event "7th Sunway Sitges 2020"]
[Site "Sitges ESP"]
[Date "2020.12.17"]
[Round "5.56"]
[White "Kanov, Nikola"]
[Black "Khoury, Theo"]
[Result "1-0"]
[WhiteTitle "CM"]
[WhiteElo "2079"]
[BlackElo "1732"]
[WhiteFideId "2928531"]
[BlackFideId "480703"]
[EventDate "2020.12.13"]

1. e4 c5 2. Nf3 d6 3. d4 cxd4 4. Nxd4 Nf6 5. Nc3 a6 6. f3 e5 7. Nb3 Be6 8. Be3
Be7 9. Qd2 h5 10. O-O-O Nbd7 11. Kb1 b5 12. Nd5 Bxd5 13. exd5 Nb6 14. Bxb6 Qxb6
15. Na5 Rc8 16. Nc6 Nxd5 17. Nxe7 Nxe7 18. Qxd6 Qxd6 19. Rxd6 Nc6 20. c3 Ke7 21.
Rd2 Rhd8 22. Rxd8 Rxd8 23. Be2 g6 24. Re1 f5 25. a4 Rb8 26. Kc2 Ke6 27. Ra1 Rb6
28. b4 Na7 29. axb5 Nxb5 30. Bc4+ Kf6 31. Kb3 Kg5 32. Re1 Kf4 33. Bd5 h4 34. c4
Nd4+ 35. Kc3 Rd6 36. Ra1 Ne6 37. g3+ hxg3 38. hxg3+ Kg5 39. Bb7 Nc7 40. Ra5 Rb6
41. Bc8 Kf6 42. c5 Rb8 43. Bxa6 Nd5+ 44. Kc4 Nxb4 45. Bb5 Nc2 46. Ra6+ Ke7 47.
Ra7+ Kd8 48. c6 Rc8 49. Rd7+ Ke8 50. Kc5 Nd4 51. Rh7 Kd8 52. Rd7+ Ke8 53. Ba4
Ne6+ 54. Kd6 Ra8 55. Ra7 Nc7 56. Rxa8+ Nxa8 57. c7+ 1-0

[Event "7th Sunway Sitges 2020"]
[Site "Sitges ESP"]
[Date "2020.12.17"]
[Round "5.57"]
[White "Garcia De Blas, Esteban"]
[Black "Roque, Gaetan"]
[Result "1/2-1/2"]
[WhiteElo "1994"]
[BlackElo "2132"]
[WhiteFideId "2229919"]
[BlackFideId "20666934"]
[EventDate "2020.12.13"]

1. d4 d5 2. c4 dxc4 3. Nf3 Nf6 4. e3 e6 5. Bxc4 a6 6. O-O b5 7. Be2 Bb7 8. a4 b4
9. Nbd2 c5 10. b3 Nbd7 11. Bb2 Be7 12. Rc1 O-O 13. dxc5 Bxc5 14. Ne5 Nxe5 15.
Rxc5 Nd3 16. Bxf6 gxf6 17. Rc4 Ne5 18. Rxb4 Qe7 19. Rd4 Nc6 20. Rc4 Rfd8 21. Qc1
Ne5 22. Rc3 Kh8 23. Nc4 Rg8 24. f3 Ng6 25. Na5 Nh4 26. Rf2 e5 27. Nxb7 Qxb7 28.
Kh1 Rac8 29. Rxc8 Rxc8 30. Bc4 Nf5 31. Rc2 Qb6 32. Bxf7 Rxc2 33. Qxc2 Qxe3 34.
Qc8+ Kg7 35. Qg8+ Kh6 36. Qf8+ Ng7 37. h3 a5 38. Kh2 Qf4+ 39. Kg1 e4 40. fxe4
Qc1+ 1/2-1/2

[Event "7th Sunway Sitges 2020"]
[Site "Sitges ESP"]
[Date "2020.12.17"]
[Round "5.59"]
[White "Calvo Gonzalez, Jose Felix"]
[Black "Rodriguez Diaz, Javier"]
[Result "0-1"]
[WhiteElo "1811"]
[BlackElo "2049"]
[WhiteFideId "54505615"]
[BlackFideId "32044186"]
[EventDate "2020.12.13"]

1. e4 e5 2. f4 Bc5 3. Nf3 d6 4. Nc3 Nf6 5. Bc4 O-O 6. d3 Ng4 7. Qe2 Bf2+ 8. Kd1
Bb6 9. Rf1 Nc6 10. h3 Nf6 11. f5 Nd4 12. Nxd4 Bxd4 13. Bg5 c6 14. g4 b5 15. Bb3
a5 16. a4 b4 17. Na2 Bxb2 18. Rb1 Bd4 19. Bh4 d5 20. g5 Ne8 21. Qh5 Qd6 22. Ke2
g6 23. fxg6 fxg6 24. Qh6 Be6 25. Bg3 Ng7 26. Rf6 Nh5 27. Bh4 Nxf6 28. gxf6 Rf7
29. Bg5 dxe4 30. h4 exd3+ 31. cxd3 e4 0-1

[Event "7th Sunway Sitges 2020"]
[Site "Sitges ESP"]
[Date "2020.12.17"]
[Round "5.61"]
[White "Mayrhuber, Nikola"]
[Black "Gardner, Leo"]
[Result "1-0"]
[WhiteTitle "WFM"]
[WhiteElo "1998"]
[BlackElo "1533"]
[WhiteFideId "1637819"]
[BlackFideId "24585432"]
[EventDate "2020.12.13"]

1. d4 Nf6 2. Nf3 g6 3. Bg5 Bg7 4. Nbd2 O-O 5. c3 d6 6. e4 h6 7. Bh4 Nbd7 8. Bc4
Qe8 9. O-O e5 10. Re1 Kh8 11. dxe5 dxe5 12. Bb5 c6 13. Bf1 Nb6 14. a4 a5 15. Qb3
Nbd7 16. Rad1 Nc5 17. Qa3 b6 18. h3 Nh5 19. Nc4 b5 20. Nd6 Qe6 21. Qxc5 g5 22.
Bg3 Nxg3 23. fxg3 g4 24. Nh4 gxh3 25. gxh3 1-0

[Event "7th Sunway Sitges 2020"]
[Site "Sitges ESP"]
[Date "2020.12.19"]
[Round "6.1"]
[White "Moussard, Jules"]
[Black "Plat, Vojtech"]
[Result "1-0"]
[WhiteTitle "GM"]
[BlackTitle "GM"]
[WhiteElo "2626"]
[BlackElo "2552"]
[WhiteFideId "642908"]
[BlackFideId "325740"]
[EventDate "2020.12.13"]

1. e4 c5 2. Nf3 Nc6 3. Bb5 g6 4. O-O Bg7 5. c3 Nf6 6. Re1 O-O 7. h3 a6 8. Bxc6
dxc6 9. d4 cxd4 10. cxd4 Ne8 11. Nc3 Nd6 12. a4 b5 13. e5 Nc4 14. b3 Na5 15. Ne4
Qd5 16. Ba3 Bf5 17. Ng3 Be6 18. axb5 Nxb3 19. Rb1 c5 20. b6 Nxd4 21. Nxd4 cxd4
22. Bxe7 Rfe8 23. Bd6 Bc8 24. Qb3 Qxb3 25. Rxb3 Bb7 26. Ne4 Rac8 27. Nc5 Bd5 28.
b7 Bxb3 29. bxc8=Q Rxc8 30. Nxb3 d3 31. Rd1 1-0

[Event "7th Sunway Sitges 2020"]
[Site "Sitges ESP"]
[Date "2020.12.19"]
[Round "6.2"]
[White "Cheparinov, Ivan"]
[Black "Asis Gargatagli, Hipolito"]
[Result "1-0"]
[WhiteTitle "GM"]
[BlackTitle "GM"]
[WhiteElo "2660"]
[BlackElo "2470"]
[WhiteFideId "2905540"]
[BlackFideId "2260735"]
[EventDate "2020.12.13"]

1. d4 d6 2. e4 Nf6 3. Nc3 g6 4. Nf3 Bg7 5. Be3 a6 6. Qd2 b5 7. Bh6 O-O 8. Bd3
Nc6 9. Bxg7 Kxg7 10. e5 dxe5 11. dxe5 Ng4 12. O-O-O b4 13. Rhe1 Rb8 14. Na4 Qd5
15. b3 Ngxe5 16. Nxe5 Nxe5 17. Bf1 Qxd2+ 18. Rxd2 Nc6 19. Rd5 Nd8 20. Rxe7 Ne6
21. Nc5 Kf6 22. Nd7+ Kxe7 23. Nxb8 c5 24. Kb2 h5 25. h4 Rg8 26. c3 bxc3+ 27.
Kxc3 g5 28. hxg5 Rxg5 29. Rxg5 Nxg5 30. f3 h4 31. Nxa6 Kd6 32. b4 cxb4+ 33. Nxb4
h3 34. gxh3 Nxf3 35. Kd3 Kc5 36. a3 Ne5+ 37. Ke4 Ng6 38. Ke3 Bd7 39. Nd3+ Kd6
40. Kf2 Kd5 41. Kg3 Kd4 42. Nf4 Ne7 43. Bd3 Kc3 44. h4 Kb3 45. h5 Ng8 46. Nd5 f5
47. a4 Be8 48. a5 Bxh5 49. Bb5 1-0

[Event "7th Sunway Sitges 2020"]
[Site "Sitges ESP"]
[Date "2020.12.19"]
[Round "6.3"]
[White "Santos Latasa, Jaime"]
[Black "Batsiashvili, Nino"]
[Result "1-0"]
[WhiteTitle "GM"]
[BlackTitle "GM"]
[WhiteElo "2588"]
[BlackElo "2466"]
[WhiteFideId "2293307"]
[BlackFideId "13602993"]
[EventDate "2020.12.13"]

1. Nf3 d5 2. g3 g6 3. Bg2 Bg7 4. O-O e5 5. d3 Ne7 6. e4 dxe4 7. dxe4 Qxd1 8.
Rxd1 Nbc6 9. Be3 Bg4 10. c3 h6 11. Nbd2 O-O 12. h3 Be6 13. Bf1 Rad8 14. b4 f5
15. b5 Na5 16. Bc5 Rfe8 17. Bb4 fxe4 18. Nxe4 Rxd1 19. Rxd1 b6 20. Bxa5 bxa5 21.
Nfd2 Rd8 22. Re1 Kh7 23. h4 Bxa2 24. Ra1 Be6 25. Rxa5 Nc8 26. Kh2 Bf5 27. Bh3
Bf8 28. h5 Bc5 29. hxg6+ Kxg6 30. Bxf5+ Kxf5 31. f3 Bb6 32. Ra2 Nd6 33. c4 Be3
34. Kg2 Nxe4 35. Nxe4 Rd4 36. Ra6 Bg5 37. Rc6 Bd8 38. Kf2 h5 39. Ke2 Rxe4+ 40.
fxe4+ Kxe4 41. Rh6 Kd4 42. Rxh5 e4 43. Rd5+ 1-0

[Event "7th Sunway Sitges 2020"]
[Site "Sitges ESP"]
[Date "2020.12.19"]
[Round "6.4"]
[White "Narciso Dublan, Marc"]
[Black "Santos Ruiz, Miguel"]
[Result "1/2-1/2"]
[WhiteTitle "GM"]
[BlackTitle "GM"]
[WhiteElo "2495"]
[BlackElo "2581"]
[WhiteFideId "2201500"]
[BlackFideId "22291482"]
[EventDate "2020.12.13"]

1. e4 e5 2. Nf3 Nc6 3. g3 d5 4. exd5 Qxd5 5. Nc3 Qd6 6. Bg2 Bg4 7. h3 Bh5 8. g4
Bg6 9. d3 O-O-O 10. Nh4 Nd4 11. O-O h5 12. g5 Ne7 13. Ne4 Bxe4 14. Bxe4 f5 15.
Bg2 g6 16. Be3 Nd5 17. c3 Nxe3 18. fxe3 Nc6 19. Qa4 Qxd3 20. Rfe1 Bc5 21. Rad1
Bxe3+ 22. Kh1 Bd2 23. Nf3 e4 24. Rxd2 exf3 25. Rxd3 fxg2+ 26. Kxg2 Rxd3 27. Qc4
Rd6 28. b4 Rhd8 29. b5 Na5 30. Qf7 b6 31. Re8 Nb7 32. h4 Rxe8 33. Qxe8+ Nd8 34.
Kf3 Kb7 35. Kf2 a6 36. c4 axb5 37. c5 bxc5 38. Qxb5+ Rb6 39. Qxc5 Rd6 40. Qb5+
Ka7 41. Qc5+ Kb7 42. Qb5+ Ka7 43. Qc5+ 1/2-1/2

[Event "7th Sunway Sitges 2020"]
[Site "Sitges ESP"]
[Date "2020.12.19"]
[Round "6.5"]
[White "Niemann, Hans Moke"]
[Black "Cornette, Matthieu"]
[Result "1-0"]
[WhiteTitle "IM"]
[BlackTitle "GM"]
[WhiteElo "2478"]
[BlackElo "2558"]
[WhiteFideId "2093596"]
[BlackFideId "620084"]
[EventDate "2020.12.13"]

1. d4 d5 2. c4 e6 3. Nc3 h6 4. Nf3 Nf6 5. e3 Nbd7 6. Bd3 dxc4 7. Bxc4 a6 8. a4
c5 9. O-O Qc7 10. Qe2 Bd6 11. dxc5 Bxc5 12. e4 Ng4 13. h3 Nde5 14. hxg4 Nxc4 15.
e5 Bd7 16. Bf4 Na5 17. Ne4 Be7 18. Rfc1 Qb6 19. Be3 Qb4 20. Bd2 Qb6 21. Be3 Qb4
22. Nd6+ Bxd6 23. exd6 Qxg4 24. Rc7 Nc6 25. Rc1 Ne5 26. Bb6 Nxf3+ 27. Qxf3 Qxf3
28. gxf3 Rb8 29. Ba7 Rd8 30. Rxb7 O-O 31. b3 e5 32. Bb6 Rb8 33. Rcc7 Be6 34. d7
Ra8 35. Bc5 Rfb8 36. Be7 1-0

[Event "7th Sunway Sitges 2020"]
[Site "Sitges ESP"]
[Date "2020.12.19"]
[Round "6.6"]
[White "Fier, Alexandr"]
[Black "Vasquez Schroeder, Rodrigo"]
[Result "1/2-1/2"]
[WhiteTitle "GM"]
[BlackTitle "GM"]
[WhiteElo "2549"]
[BlackElo "2459"]
[WhiteFideId "2107139"]
[BlackFideId "3400042"]
[EventDate "2020.12.13"]

1. e4 c6 2. d4 d5 3. e5 Bf5 4. Nf3 e6 5. Be2 Bg6 6. O-O Nh6 7. a4 Nf5 8. a5 a6
9. c3 c5 10. dxc5 Bxc5 11. c4 dxc4 12. Qxd8+ Kxd8 13. Nc3 Nc6 14. Na4 Nfd4 15.
Rd1 Kc7 16. Nxd4 Bxd4 17. Bxc4 Bc2 18. Rd2 Bxa4 19. Rxa4 Bxe5 20. g3 Rad8 21. b4
Rxd2 22. Bxd2 Rd8 23. Ra2 Rxd2 24. Rxd2 Bc3 25. Rd1 Bxb4 26. f4 g6 27. g4 Nxa5
28. Ba2 Bd6 29. f5 gxf5 30. gxf5 exf5 31. Rd5 Nc6 32. Rxf5 Ne5 33. Rh5 Kd7 34.
Rxh7 Ke7 35. Kg2 a5 36. Rh8 b6 37. Rg8 Ng6 38. Ra8 f5 39. Ra6 Bc5 40. Kg3 Kf6
41. h4 1/2-1/2

[Event "7th Sunway Sitges 2020"]
[Site "Sitges ESP"]
[Date "2020.12.19"]
[Round "6.7"]
[White "Sochacki, Christophe"]
[Black "Lopez Martinez, Josep Manuel"]
[Result "1/2-1/2"]
[WhiteTitle "IM"]
[BlackTitle "GM"]
[WhiteElo "2469"]
[BlackElo "2542"]
[WhiteFideId "662569"]
[BlackFideId "2212943"]
[EventDate "2020.12.13"]

1. d4 Nf6 2. Bg5 d5 3. e3 c5 4. Bxf6 gxf6 5. dxc5 e6 6. Nf3 Bxc5 7. Bb5+ Nd7 8.
O-O a6 9. Bd3 f5 10. Nbd2 Qf6 11. c4 dxc4 12. Nxc4 e5 13. e4 f4 14. Be2 Rg8 15.
Kh1 Qe6 16. Rc1 b6 17. b4 Be7 18. Qb3 b5 19. Ncxe5 Nxe5 20. Qxe6 Bxe6 21. Nxe5
Bxb4 22. Nd3 Bd6 23. e5 Ba3 24. Rc3 b4 25. Rc2 Bf5 26. Rc4 f3 27. gxf3 Rd8 28.
Rd1 Be6 29. Rc2 a5 30. Nf4 Rxd1+ 31. Bxd1 Bf5 32. Rc7 Be6 33. Ra7 Rg5 34. Rxa5
Bxa2 35. Bc2 Kd8 36. h4 Rg7 37. Nh5 Rg6 38. Bxg6 hxg6 39. Nf4 b3 40. Nd3 Be7 41.
h5 gxh5 42. f4 Bb1 43. Rb5 Bxd3 44. Rd5+ Kc7 45. Rxd3 b2 46. Rb3 Ba3 47. f5 Kc6
48. e6 fxe6 49. f6 Kd7 50. Kg2 Ke8 51. Rb7 b1=Q 52. Rxb1 Kf7 53. Rb5 Kxf6 54.
Rxh5 Bb2 55. Rb5 Bc3 56. Kf3 Bd4 57. Ke2 Bc3 58. Kd3 Be5 59. Ke4 Bc3 60. f3 Ba1
61. Rb7 Bc3 62. Rb5 Ba1 63. Kf4 Bd4 64. Kg4 Be5 65. Rb6 Bd4 66. Ra6 Bc3 67. Rc6
Bd4 68. f4 Kf7 69. Rc7+ Kf6 70. Rh7 Kg6 71. Rd7 Bc3 72. Rd6 Kf7 73. Kf3 Bb2 74.
Rd7+ Kf6 75. Ke4 Bc3 76. Rc7 Bb2 77. Rc2 Ba1 78. Rc1 Bb2 79. Rb1 Bc3 80. Kd3 Ba5
81. Rb7 Be1 82. Rc7 Bb4 83. Ke4 Bd6 84. Rb7 Bc5 85. Rh7 Bf8 86. Ra7 Bd6 87. Ra6
Ke7 88. Kf3 Bc5 89. Ra4 Kf6 90. Kg4 Bf8 91. Ra6 Kf7 92. Ra7+ Kf6 93. Kf3 Bg7 94.
Ke4 Kg6 95. Rc7 Bf6 96. Rc6 Kf7 97. Ra6 Bg7 98. Ra7+ Kg6 99. Ra6 Kf7 100. Kd3
Kf6 101. Ra7 Kg6 102. Ra5 Kf7 103. Ra6 Kf6 104. Ke3 Kf7 105. Kf3 Bd4 106. Kg4
Bc3 107. Ra7+ Kg6 108. Re7 Kf6 109. Rc7 Bb2 110. Kf3 Ba1 111. Ke4 Bb2 112. Rb7
Bc3 113. Kd3 Ba5 114. Ra7 Bb4 115. Ke4 Bc3 116. Ra3 Bb2 1/2-1/2

[Event "7th Sunway Sitges 2020"]
[Site "Sitges ESP"]
[Date "2020.12.19"]
[Round "6.8"]
[White "Stefanova, Antoaneta"]
[Black "Checa, Nicolas"]
[Result "1/2-1/2"]
[WhiteTitle "GM"]
[BlackTitle "GM"]
[WhiteElo "2466"]
[BlackElo "2527"]
[WhiteFideId "2902257"]
[BlackFideId "2069342"]
[EventDate "2020.12.13"]

1. d4 d5 2. c4 c6 3. Nf3 Nf6 4. Nc3 a6 5. c5 Bf5 6. Qb3 Qc8 7. Nh4 Bg6 8. Bg5
Nbd7 9. g3 e6 10. Bg2 Bh5 11. h3 Be7 12. g4 h6 13. Be3 Nh7 14. Nf3 Bg6 15. Ne5
Nxe5 16. dxe5 Nf8 17. Na4 Nd7 18. Nb6 Nxb6 19. Qxb6 a5 20. Qb3 a4 21. Qc3 Qc7
22. O-O Qa5 23. f4 Qxc3 24. bxc3 Ra5 25. f5 Bh7 26. Rab1 Bxc5 27. Bxc5 Rxc5 28.
Rxb7 O-O 29. Rf3 Rb5 30. Ra7 Rb2 31. fxe6 fxe6 32. Rxf8+ Kxf8 33. Rxa4 Rxe2 34.
Ra8+ Kf7 35. Ra7+ Kf8 36. Ra8+ Kf7 37. Ra7+ Kg6 38. Bf1 Re3 39. c4 h5 40. gxh5+
Kxh5 41. Rxg7 Be4 42. Re7 Bf5 43. Rc7 Rg3+ 44. Kf2 Ra3 45. Rxc6 Rxa2+ 46. Ke1
Ra1+ 47. Kf2 Ra2+ 48. Ke1 dxc4 49. Bxc4 Ra5 50. Kf2 Rxe5 51. Be2+ Kg5 52. Bg4
Bxg4 53. hxg4 1/2-1/2

[Event "7th Sunway Sitges 2020"]
[Site "Sitges ESP"]
[Date "2020.12.19"]
[Round "6.9"]
[White "Garriga Cazorla, Pere"]
[Black "Korobov, Anton"]
[Result "0-1"]
[WhiteTitle "IM"]
[BlackTitle "GM"]
[WhiteElo "2487"]
[BlackElo "2693"]
[WhiteFideId "32011601"]
[BlackFideId "14105730"]
[EventDate "2020.12.13"]

1. d4 d5 2. c4 e6 3. Nc3 c6 4. Nf3 dxc4 5. a4 Bb4 6. e3 b5 7. Bd2 a5 8. axb5
Bxc3 9. Bxc3 cxb5 10. b3 Bb7 11. bxc4 b4 12. Bb2 Nf6 13. Bd3 O-O 14. O-O Nbd7
15. Nd2 h6 16. Qe2 a4 17. Rab1 Qe7 18. f4 b3 19. Ba1 Ne8 20. e4 Nc7 21. e5 f5
22. exf6 Nxf6 23. Bc3 Qd7 24. Rbc1 Rab8 25. Rce1 Qd6 26. f5 Rbe8 27. Qe5 Qc6 28.
Qg3 exf5 29. Nf3 f4 30. Qg6 Ncd5 31. Ba1 Ne7 32. Rxe7 Rxe7 33. d5 Qe8 34. Bd4
Qxg6 35. Bxg6 Rc8 36. Ne5 Nd7 37. Nxd7 Rxd7 38. Bd3 a3 39. Rxf4 b2 40. Bf5 Rxc4
41. Be6+ Kh7 0-1

[Event "7th Sunway Sitges 2020"]
[Site "Sitges ESP"]
[Date "2020.12.19"]
[Round "6.10"]
[White "Grigoryan, Karen H."]
[Black "Maurizzi, Marc Andria"]
[Result "1-0"]
[WhiteTitle "GM"]
[BlackTitle "IM"]
[WhiteElo "2651"]
[BlackElo "2445"]
[WhiteFideId "13301004"]
[BlackFideId "36083534"]
[EventDate "2020.12.13"]

1. e4 e5 2. Nf3 Nc6 3. Bb5 a6 4. Ba4 Nf6 5. d3 Bc5 6. Bg5 h6 7. Bh4 g5 8. Bg3 d6
9. c3 Ba7 10. Nbd2 Bd7 11. Nf1 Ne7 12. Ne3 Ng6 13. O-O h5 14. h4 Ng4 15. Bxd7+
Qxd7 16. Nf5 gxh4 17. N3xh4 O-O-O 18. d4 Rdg8 19. Qf3 exd4 20. cxd4 Kb8 21. Rfe1
Bb6 22. b4 Nxh4 23. Bxh4 Nh6 24. Ne7 Rg4 25. Qf6 Re8 26. Nd5 Ng8 27. Qf5 Qxf5
28. exf5 Rxe1+ 29. Rxe1 Bxd4 30. g3 Nh6 31. Re8+ Ka7 32. Ne7 Kb6 33. f6 Rxh4 34.
gxh4 Ng4 35. Nf5 Bxf6 36. Rf8 Ne5 37. f4 Ng6 38. Rxf7 Bc3 39. Ne7 Nxe7 40. Rxe7
Bf6 41. Re6 Bxh4 42. f5 Kc6 43. Rh6 Kd5 44. Rxh5 Bf6 45. Rh7 c5 46. bxc5 dxc5
47. Rxb7 Ke4 48. Ra7 c4 49. Rxa6 Kxf5 50. Rc6 c3 51. Kf2 Bd4+ 52. Ke2 Ke4 53.
Rc8 Bb6 54. Rxc3 Kd4 55. Rb3 Kc5 56. a4 Bd8 57. Rb5+ Kc6 58. Kd3 Bb6 59. Kc4 1-0

[Event "7th Sunway Sitges 2020"]
[Site "Sitges ESP"]
[Date "2020.12.19"]
[Round "6.11"]
[White "Gatineau, Yovann"]
[Black "Lagarde, Maxime"]
[Result "0-1"]
[WhiteTitle "IM"]
[BlackTitle "GM"]
[WhiteElo "2423"]
[BlackElo "2651"]
[WhiteFideId "26028999"]
[BlackFideId "662399"]
[EventDate "2020.12.13"]

1. Nf3 Nf6 2. c4 g6 3. b3 d6 4. Bb2 e5 5. Nc3 c5 6. e3 Nc6 7. Be2 Bg7 8. O-O O-O
9. Qb1 Re8 10. Rd1 a6 11. a3 Rb8 12. b4 Bf5 13. e4 Bg4 14. Nd5 b5 15. Qc2 Rc8
16. Qb3 Nxd5 17. cxd5 c4 18. Qa2 Bxf3 19. Bxf3 Nd4 20. Bxd4 exd4 21. d3 h5 22.
a4 c3 23. Rdc1 Qg5 24. Rc2 Be5 25. g3 h4 26. Kg2 Kg7 27. axb5 axb5 28. Qa6 Rh8
29. Qxb5 hxg3 30. hxg3 Rh7 31. Qd7 Rch8 32. Ra7 Qf6 33. Qg4 Rh1 34. Qf5 R8h2# 0-1

[Event "7th Sunway Sitges 2020"]
[Site "Sitges ESP"]
[Date "2020.12.19"]
[Round "6.12"]
[White "Maze, Sebastien"]
[Black "Garcia Ramos, Daniel"]
[Result "1-0"]
[WhiteTitle "GM"]
[BlackTitle "FM"]
[WhiteElo "2557"]
[BlackElo "2380"]
[WhiteFideId "613762"]
[BlackFideId "32010311"]
[EventDate "2020.12.13"]

1. e4 e5 2. Nf3 Nc6 3. Bb5 a6 4. Ba4 d6 5. O-O Bd7 6. d4 Nf6 7. d5 Nb8 8. Bxd7+
Nbxd7 9. Re1 g6 10. c4 Bg7 11. Nc3 O-O 12. Be3 h6 13. Nd2 Nh5 14. b4 Qe8 15. c5
f5 16. f3 f4 17. Bf2 g5 18. Nc4 Qe7 19. a4 Kh8 20. Rb1 Rg8 21. a5 Bf8 22. b5
Ndf6 23. h3 Ng3 24. bxa6 bxa6 25. Rb7 Qd8 26. Bxg3 fxg3 27. Ne2 Nh5 28. c6 Nf4
29. Ne3 Rg7 30. Nxg3 h5 31. Ngf5 Rf7 32. Kh2 Kh7 33. g3 Ng6 34. Qb3 Bh6 35. g4
Nf4 36. Rb1 Qf6 37. Rb8 Rf8 38. Rxa8 Rxa8 39. Qb7 Qd8 40. Qb3 Kg6 41. Ng2 Bg7
42. Nxf4+ exf4 43. gxh5+ Kh7 44. Qd3 Be5 45. Rb7 Kh8 46. Qf1 Bc3 47. Qc1 Be5 48.
Qg1 Bc3 49. h4 Bf6 50. Qg4 1-0

[Event "7th Sunway Sitges 2020"]
[Site "Sitges ESP"]
[Date "2020.12.19"]
[Round "6.13"]
[White "Ootes, Lars"]
[Black "Nevednichy, Vladislav"]
[Result "0-1"]
[WhiteTitle "IM"]
[BlackTitle "GM"]
[WhiteElo "2373"]
[BlackElo "2546"]
[WhiteFideId "1019708"]
[BlackFideId "1205730"]
[EventDate "2020.12.13"]

1. e4 c5 2. Nf3 e6 3. d4 cxd4 4. Nxd4 a6 5. Bd3 Bc5 6. Nb3 Ba7 7. Qe2 Nc6 8. Be3
d6 9. N1d2 Bxe3 10. Qxe3 Nf6 11. Nc4 O-O 12. Qb6 Qe7 13. Nba5 d5 14. Nxc6 bxc6
15. Nd2 c5 16. O-O Bb7 17. Rfe1 Rfb8 18. e5 Nd7 19. Qa5 Bc6 20. b3 Qg5 21. Nf3
Qf4 22. Qc7 Rc8 23. Qd6 h6 24. Rad1 Qb4 25. Bf1 a5 26. Re3 Qb6 27. Nd2 a4 28.
Qe7 Nf8 29. Rg3 Be8 30. Bd3 Qd8 31. Qxd8 Rxd8 32. f4 Bc6 33. Kf2 Nd7 34. h4 axb3
35. axb3 Ra2 36. Re3 Nb6 37. Nb1 Rb2 38. Re2 Ra8 39. Nc3 d4 40. Ne4 Bxe4 41.
Bxe4 Raa2 42. Kf3 Ra3 43. Kf2 h5 44. f5 Raa2 45. Rdd2 Kf8 46. fxe6 fxe6 47. Kg3
Ke7 48. Kf4 Ra5 49. Bf3 Nd5+ 50. Bxd5 exd5 51. e6 Rxc2 52. Rxc2 d3 53. Ke5 d4
54. Kd5 dxc2 55. Rxc2 g6 56. Rf2 Rb5 57. Rf7+ Ke8 58. Rf3 Ke7 59. Kc6 Ra5 60.
Kb6 Ra2 61. Kxc5 Kxe6 62. Rg3 Ke5 63. Rxg6 Rc2+ 64. Kb5 d3 65. Rg8 d2 66. Rd8
Ke4 67. b4 Ke3 68. Re8+ Kf2 69. Rd8 Ke1 70. Ka6 d1=Q 71. Rxd1+ Kxd1 72. b5 Rxg2
73. b6 Ra2+ 0-1

[Event "7th Sunway Sitges 2020"]
[Site "Sitges ESP"]
[Date "2020.12.19"]
[Round "6.14"]
[White "Krysa, Leandro"]
[Black "Gines Esteo, Pedro Antonio"]
[Result "1/2-1/2"]
[WhiteTitle "GM"]
[BlackTitle "IM"]
[WhiteElo "2544"]
[BlackElo "2437"]
[WhiteFideId "116807"]
[BlackFideId "32080190"]
[EventDate "2020.12.13"]

1. d4 Nf6 2. c4 e6 3. Nf3 b6 4. g3 c6 5. Bg2 d5 6. O-O Be7 7. Qc2 O-O 8. Nbd2
Bb7 9. e4 Na6 10. cxd5 cxd5 11. e5 Ne4 12. a3 Qd7 13. Qd1 h6 14. Re1 Rfd8 15.
Nf1 Rac8 16. Be3 Bc6 17. N3d2 Nxd2 18. Nxd2 Ba4 19. Qg4 Kh8 20. Qh5 Bf8 21. Bf1
Nc7 22. Bd3 Bb5 23. Bc2 Bc4 24. h4 Ba6 25. Rac1 Ne8 26. Bb1 Kg8 27. Qg4 Kh8 28.
Qh5 Kg8 29. Qg4 Kh8 30. Qh5 1/2-1/2